000 00294nam a22001337a 4500
008 170619b xxu||||| |||| 00| 0 eng d
020 _a9780739104378
041 _aeng
080 _a94
100 _a18
101 _aSHP
245 _aMORAL CONSTRAINTS ON WAR
_cFOTION.N
942 _2udc
_cBK
999 _c18012
_d18012